<?xml version="1.0" encoding="UTF-8"?>
<collection xmlns="http://www.loc.gov/MARC21/slim">
<record>
  <controlfield tag="001">117287</controlfield>
  <controlfield tag="005">20220623141338.0</controlfield>
  <datafield tag="020" ind1=" " ind2=" ">
    <subfield code="a">978-84-1340-456-1</subfield>
  </datafield>
  <datafield tag="024" ind1="7" ind2=" ">
    <subfield code="2">doi</subfield>
    <subfield code="a">10.26754/uz.978-84-1340-456-1</subfield>
  </datafield>
  <datafield tag="037" ind1=" " ind2=" ">
    <subfield code="a">BOOK-2022-015</subfield>
  </datafield>
  <datafield tag="041" ind1=" " ind2=" ">
    <subfield code="a">spa</subfield>
  </datafield>
  <datafield tag="100" ind1=" " ind2=" ">
    <subfield code="a">Benítez Marco, María Pilar </subfield>
    <subfield code="b"></subfield>
  </datafield>
  <datafield tag="245" ind1=" " ind2=" ">
    <subfield code="a">Sobre la pastorada aragonesa. Estudio filológico de las pastoradas en aragonés del siglo XVIII</subfield>
  </datafield>
  <datafield tag="250" ind1=" " ind2=" ">
    <subfield code="a">1ª ed.</subfield>
  </datafield>
  <datafield tag="260" ind1=" " ind2=" ">
    <subfield code="a">Zaragoza</subfield>
    <subfield code="b">Prensas Universitarias</subfield>
    <subfield code="c">2022</subfield>
  </datafield>
  <datafield tag="300" ind1=" " ind2=" ">
    <subfield code="a">183</subfield>
  </datafield>
  <datafield tag="520" ind1=" " ind2=" ">
    <subfield code="a">Sobre la pastorada aragonesa. Estudio filológico de las pastoradas en aragonés del siglo xviii es una investigación que intenta poner de relieve el valor filológico de las pastoradas aragonesas, en general, y de las escritas en aragonés, en particular. Asimismo, quiere responder a las cuestiones literarias y lingüísticas que suscitan estas piezas teatrales, desde planteamientos que se alejan de la visión tradicional sobre dichas obras y sobre la lengua utilizada en ellas. Así, desde el punto de vista literario, se defiende que la pastorada aragonesa, si bien suele estudiarse dentro del llamado dance aragonés, constituye un subgénero teatral autónomo, que presenta características diferentes, pero también similares, a manifestaciones dramáticas de otros territorios. Desde el punto de vista lingüístico, se sostiene que la lengua empleada en estos textos dramáticos corresponde a la hablada en cada una de las localidades en las que se representaron. Las pastoradas son, por tanto, además del mayor corpus escrito en aragonés en los siglos xviii y xix, un interesante e ineludible testimonio para comprender la evolución de dicha lengua.</subfield>
  </datafield>
  <datafield tag="700" ind1=" " ind2=" ">
    <subfield code="a">Latas Alegre, Óscar </subfield>
    <subfield code="b"></subfield>
  </datafield>
  <datafield tag="856" ind1="0" ind2=" ">
    <subfield code="f">amorato@unizar.es</subfield>
  </datafield>
  <datafield tag="856" ind1="4" ind2=" ">
    <subfield code="u">http://zaguan.unizar.es/record/117287/files/BOOK-2022-015.pdf</subfield>
    <subfield code="z">Texto completo</subfield>
    <subfield code="s">6609591</subfield>
  </datafield>
  <datafield tag="909" ind1="C" ind2="O">
    <subfield code="o">oai:zaguan.unizar.es:117287</subfield>
    <subfield code="p">books</subfield>
  </datafield>
  <datafield tag="980" ind1=" " ind2=" ">
    <subfield code="a">BOOK</subfield>
    <subfield code="b">PRENSASUZ</subfield>
    <subfield code="b"></subfield>
  </datafield>
</record>
</collection>